000 00381 a2200109 4500
001 ART_11296
005 20260410161856.0
008 260409a
245 1 0 _aEl modelo económico de la Generación del Ochenta y su versión actualizada cien años despues
100 1 _aFrediani, Ramón O.
773 0 _tRevista de Economía
_g- Nº 29 (ene./sep. 1981)
_wREV11077
999 _c25439
_d25439